| 000 | 00609nam a2200181Ia 4500 | ||
|---|---|---|---|
| 008 | 100917s9999 xx 000 0 und d | ||
| 082 | _b41163 | ||
| 100 | _aकंटक मीरा | ||
| 245 | _aकावळ्याला लागली तहान | ||
| 260 |
_bज्योत्स्ना प्रकाशन _c1978 |
||
| 300 | _a24 | ||
| 365 | _b10 | ||
| 520 | _aबालविभाग | ||
| 630 | _aकावळ्याला लागली तहान | ||
| 650 | _aबालविभाग | ||
| 730 | _aकावळ्याला लागली तहान | ||
| 942 | _cBOOK | ||
| 999 |
_c646557 _d646554 |
||